| 000 | 00000nam 2200000zi 4500 |
| 001 | 9.923291 |
| 003 | CaOODSP |
| 005 | 20231215130257 |
| 006 | m o d f |
| 007 | cr ||||||||||| |
| 008 | 230529t20232023qucb o f00| 0 fre d |
| 020 | |a9780660489360 |
| 040 | |aCaOODSP|bfre|erda|cCaOODSP |
| 043 | |an-cn-ab |
| 086 | 1 |aR64-610/2023F-PDF |
| 245 | 00|aPlan directeur du Parc national Elk Island, 2023. |
| 264 | 1|a[Gatineau, QC] : |bParcs Canada = Parks Canada, |c2023. |
| 264 | 4|c©2023 |
| 300 | |a1 ressource en ligne (x, 23 pages) : |bcartes |
| 336 | |atexte|btxt|2rdacontent/fre |
| 337 | |ainformatique|bc|2rdamedia/fre |
| 338 | |aressource en ligne|bcr|2rdacarrier/fre |
| 500 | |aPublié aussi en anglais sous le titre : Elk Island National Park management plan, 2023. |
| 650 | 6|aParcs nationaux|zAlberta|xGestion. |
| 710 | 2 |aParcs Canada, |eorganisme de publication. |
| 775 | 08|tElk Island National Park management plan, 2023.|w(CaOODSP)9.923289 |
| 776 | 0#|tPlan directeur du Parc national Elk Island 2023.|w(CaOODSP)9.923292 |
| 856 | 40|qPDF|s3.06 Mo|uhttps://publications.gc.ca/collections/collection_2023/pc/R64-610-2023-fra.pdf |
| 856 | 4 |qHTML|sS.O.|uhttps://parcs.canada.ca/pn-np/ab/elkisland/info/plan/gestion-management-2023 |